| 000 | 00936cam a2200289 a 4500 | ||
|---|---|---|---|
| 001 | 2516946 | ||
| 003 | OSt | ||
| 005 | 20230621151345.0 | ||
| 008 | 930322s1991 enkac b f000 0 eng | ||
| 010 | _a 92233191 | ||
| 020 |
_a0117016314 (pbk.) : _c£6.00 |
||
| 040 |
_aDLC _cDLC _dDLC |
||
| 043 | _ae-uk--- | ||
| 050 | 0 | 0 |
_aJN511 _b.P37 1991 |
| 082 | 0 | 0 |
_a328.41/072 _220 _bHMS |
| 245 | 0 | 0 | _aParliament. |
| 260 |
_aLondon : _bHMSO, _c1991. |
||
| 300 |
_a160 p. : _bill., ports. ; _c22 cm. |
||
| 440 | 0 | _aAspects of Britain | |
| 504 | _aIncludes bibliographical references (p. 157-160). | ||
| 610 | 1 | 0 |
_aGreat Britain. _bParliament. |
| 610 | 2 | 0 | _aWestminster Palace (London, England) |
| 710 | 1 |
_aGreat Britain. _bCentral Office of Information. _bReference Services. |
|
| 906 |
_a7 _bcbc _corignew _d2 _encip _f19 _gy-gencatlg |
||
| 942 |
_2ddc _cBK |
||
| 999 |
_c2253 _d2253 |
||